000 00493nam a2200145Ia 4500
008 100122s9999 xx 000 0 und d
082 _b60291
_a823.08
100 _aBHANOT T R
245 _aTHE GUNNING CAT / SINDBAD THE SAILOR / ALIBABA AND FORTY THIVES
260 _bDREAMLAND PUBLICATIONS
_c2000
300 _a100
630 _aTHE GUNNING CAT / SINDBAD THE SAILOR / ALIBABA AND FORTY THIVES
730 _aTHE GUNNING CAT / SINDBAD THE SAILOR / ALIBABA AND FORTY THIVES
942 _cBOOK
999 _c377925
_d377922